|
|
|
|
| LEADER |
02031nam a2200313 u 4500 |
| 001 |
10083129 |
| 003 |
upatras |
| 005 |
20210317192047.0 |
| 008 |
100119s2009 gr gre |
| 040 |
|
|
|a ΠΑΝΕΠΙΣΤΗΜΙΟ ΠΑΤΡΩΝ
|c ΠΑΝΕΠΙΣΤΗΜΙΟ ΠΑΤΡΩΝ
|
| 041 |
0 |
|
|a gre
|
| 082 |
0 |
4 |
|a 333.72
|
| 100 |
1 |
|
|a Κωστάρα, Αικατερίνη
|9 84700
|
| 245 |
1 |
0 |
|a Οικολογική διαχείριση των προστατευόμενων περιοχών του δικτύου Φύση 2000 "Στενά και εκβολές Αχέροντα GR 2140001 (SCI)". Διαχείριση επισκεπτών
|c Αικατερίνη Κωστάρα; Πανεπιστήμιο Πατρών, Τμήμα Βιολογίας, Τομέας Φυτών
|
| 260 |
|
|
|a Πάτρα
|b [χ.ό.]
|c 2009
|
| 300 |
|
|
|a 157 σ.
|b έγχ. εικ.
|c 30 εκ.
|
| 500 |
|
|
|a Μεταπτυχιακό δίπλωμα ειδίκευσης στην Οικολογία - Διαχείριση και προστασία φυσικού περιβάλλοντος
|
| 504 |
|
|
|a Περιλαμβάνει βιβλιογραφία
|
| 650 |
|
4 |
|a Οικοτουρισμός
|9 20043
|
| 650 |
|
4 |
|a Τουρισμός
|x Περιβαλλοντικές απόψεις
|9 20044
|
| 650 |
|
4 |
|a Φύση
|x Προστασία
|9 64040
|
| 651 |
|
4 |
|a Αχέροντας, Ποταμός
|9 84701
|
| 710 |
2 |
|
|9 2771
|a Πανεπιστήμιο Πατρών
|b Σχολή Επιστημών Υγείας
|b Τμήμα Ιατρικής
|e Σχολή Θετικών Επιστημών
|e Τμήμα Βιολογίας
|e Τομέας Βιολογίας Φυτών
|
| 852 |
|
|
|a GR-PaULI
|b ΠΑΤΡΑ
|b ΒΚΠ
|b ΑΝΕ
|k ΔΙΠΛΩΜΑΤΙΚΗ
|h 333.72 ΚΩΣ
|m 098058
|p 025000168731
|t 1
|
| 856 |
|
|
|u http://hdl.handle.net/10889/3347
|
| 942 |
|
|
|2 ddc
|c BKTD
|
| 952 |
|
|
|0 0
|1 0
|2 ddc
|4 0
|6 333_720000000000000_ΚΩΣ
|7 0
|9 88150
|a LISP
|b LISP
|d 2016-04-24
|i 098058
|l 0
|o 333.72 ΚΩΣ
|p 025000168731
|r 2016-04-24 00:00:00
|t 1
|w 2016-04-24
|y ERST
|
| 998 |
|
|
|c ΓΚΟΓΚΟΥ
|d 2010-01
|
| 999 |
|
|
|c 58904
|d 58904
|